| 000 | 00727nam a2200241 a 4500 | ||
|---|---|---|---|
| 001 | 19069 | ||
| 003 | UkOxU | ||
| 005 | 20211209000359.0 | ||
| 008 | 140223s1960 enk 000 0 eng d | ||
| 020 | _a0140014357 (pbk) | ||
| 035 | _aBD-RjUL)19127 | ||
| 040 |
_aIQU _cIQU _dm.c _dBD-RjUL _beng |
||
| 041 | _aeng | ||
| 082 | 0 | 4 |
_a819.5 _bFAR 1960 |
| 100 | 1 |
_aFaulkner, William, _d1897-1962. _958779 |
|
| 245 | 1 | 0 |
_aRequiem for a nun / _cWilliam Faulkner |
| 260 |
_aHarmondsworth : _bPenguin Books in association with Chatto & Windus, _c1960 |
||
| 300 |
_a239 p. ; _c20 cm |
||
| 490 | 1 | _aPenguin modern classics | |
| 650 | 0 |
_a Rape victims -- Fiction. _958780 |
|
| 830 | 0 |
_aPenguin modern classics _958787 |
|
| 942 |
_2ddc _cBK |
||
| 999 |
_c19069 _d19069 |
||